Tetris Franchise - Statistics

General Stats
  • This quiz has been taken 44 times
  • The average score is 18 of 62
Answer Stats
Type Year Name Info % Correct
Video Game 1988 Tetris Tengen
100%
Video Game 1989 Tetris Nintendo
100%
Video Game 1989 Tetris Nintendo
100%
Video Game 2006 Tetris EA
100%
Video Game 2013 Tetris EA
100%
Video Game 2014 Tetris Tetris Online, Inc.
100%
Video Game 1996 Tetris S Bullet Proof Software
100%
Video Game 2019 Tetris 99 Nintendo
78%
Video Game 1993 Tetris 2 Nintendo
73%
Video Game 2018 Tetris Effect Enhance Games
63%
Video Game 2014 Puyo Puyo Tetris Sega / Deep Silver
50%
Video Game 2006 Tetris DS Nintendo
45%
Video Game 1996 3D Tetris Nintendo
30%
Video Game 1995 Tetris Attack Nintendo
30%
Video Game 2001 Tetris Worlds THQ
30%
Video Game 1990 Hatris Bullet-Proof Software / Video System Co.
28%
Video Game 1998 Tetris 64 SETA Corporation
28%
Video Game 1998 Tetris 4D Bullet Proof Software
25%
Video Game 1999 The New Tetris Nintendo
25%
Video Game 1989 Welltris Infogrames / Spectrum HoloByte
25%
Video Game 1994 Tetris & Dr. Mario Nintendo
23%
Video Game 2008 Tetris Friends Tetris Online, Inc.
23%
Video Game 1998 Tetris: The Grand Master Capcom
23%
Video Game 2005 Tetris: The Grand Master 3 - Terror-Instinct Taito Corporation
23%
Video Game 2014 Tetris Ultimate Ubisoft
23%
Video Game 1999 The Next Tetris Hasbro Interactive / Crave Entertainment
23%
Video Game 1990 Faces Spectrum HoloByte
20%
Video Game 1998 Magical Tetris Challenge Capcom / Activision / Sony
20%
Video Game 1991 Super Tetris Spectrum HoloByte
20%
Video Game 2010 Tetris Battle Tetris Online, Inc.
20%
Video Game 2008 Tetris Party Hudson Soft / Tetris Online, Inc. / Nintendo
20%
Video Game 1997 Tetrisphere Nintendo
20%
Video Game 2007 Tetris Splash Microsoft Game Studios
20%
Video Game 2000 Sega Tetris WOW Entertainment
18%
Video Game 1991 Tetris 2 + Bombliss Bullet-Proof Software
18%
Video Game 2000 Tetris: The Absolute - The Grand Master 2 Psikyo
18%
Video Game 1996 Tetris Plus Bullet Proof Software / Jaleco / Nintendo
15%
Video Game 2002 Pokémon Tetris Nintendo
13%
Video Game 2011 Tetris: Axis Bandai Namco Entertainment / Nintendo / Tetris Online, Inc.
13%
Video Game 1993 Tetris Battle Gaiden Bullet Proof Software
13%
Video Game 1996 Tetris Blast Nintendo / Bullet Proof Software
13%
Video Game 2013 Tetris Blitz EA
13%
Video Game 1998 Tetris DX Nintendo
13%
Video Game 2019 Tetris x Hello Kitty Sanrio
13%
Video Game 2007 Tetris Evolution THQ
10%
Video Game 2006 Tetris Mania EA
10%
Video Game 2009 Tetris Giant Sega
8%
Video Game 2007 Tetris Online Japan GungHo Online Entertainment
8%
Video Game 2010 Tetris Party Live Tetris Online, Inc. / Hudson Soft
8%
Video Game 1997 Tetris Plus 2 Jaleco
8%
Video Game 2007 Tetris Zone Blue Planet Software
8%
Video Game 1995 V-Tetris Bullet Proof Software
8%
Video Game 2006 iPod Tetris EA
5%
Video Game 1999 Kids Tetris Hasbro Interactive
5%
Video Game 1994 Super Tetris 3 Blue Planet Software
5%
Video Game 2014 Tetris Battle: Fusion Tetris Online, Inc.
5%
Video Game 2004 Tetris Elements ImaginEngine
5%
Video Game 2019 Tetris M1ND BEND3RS Red Bull
5%
Video Game 2008 Tetris Pop EA
5%
Video Game 2011 Tetris Stars Tetris Online, Inc.
5%
Video Game 2005 Tetris: The Grand Master Ace AQ Interactive
5%
Video Game 2000 Tetris with Cardcaptor Sakura: Eternal Heart Arika
5%
No matching quizzes found
Score Distribution
Percent of People with Each Score
Percentile by Number Answered
Your Score History
You have not taken this quiz